000 00570nam a22002177a 4500
003 UA-OsUOA
001 89334
007 ta
008 20121105b un ||||| |||| 00| 0 ukr d
090 _a821.161.2
_bД 57
942 _cBK
040 _aUA-OsUOA
_bukr
_cUA-OsUOA
_dUA-OsUOA
245 _aДоби нової знак
_bЛірика поетів Радянської України
_cМалахова Л.С.
300 _a278 с.
955 _a3
041 _aukr
080 _a821.161.2
260 _aК.
_bДніпро
_c1978
650 7 _2UDC
999 _c375613
_d375613